| 000 | 00917cam a2200217 4500 | ||
|---|---|---|---|
| 001 | WB-3619-37 | ||
| 008 | 000000n2000 000 0 eng u | ||
| 035 | _a(Sirsi) u105980 | ||
| 245 | _aNew planting with discretion | ||
| 260 | _c2000 | ||
| 490 |
_aGlean: Forestry Commission Grants and Licences News _v(9) March 2000, 1(1) |
||
| 520 | _aIn January 2000 the Forestry Commission introduced revised arrangements to deal with new planting applications in England. Changes include a new tick box "scoring form" (WGS 2a), which will help measure how far applicants' proposals meet the objectives of the EFS, and two new closing dates for applications. | ||
| 590 | _aWB | ||
| 650 | _aENGLAND FORESTRY STRATEGY | ||
| 650 | _aWOODLAND GRANT SCHEME | ||
| 650 | _aFORESTRY COMMISSION | ||
| 650 | _aPLANTING APPLICATIONS | ||
| 650 | _aRURAL DEVELOPMENT | ||
| 690 | _aRURAL-AGRICULTURE AND FORESTRY | ||
| 942 | _n0 | ||
| 999 |
_c63462 _d63462 |
||